Derelict stone buildings of the Black Mountains Massif /
This volume is based on several years of author's fieldwork in the valleys of the Black Mountains in South East Wales. Hodges had personal knowledge of the area having worked there in his professional capacity as a drystone waller. The aim of the fieldwork was to locate all the sites of derelic...
المؤلف الرئيسي:
التنسيق: كتاب الكتروني
اللغة: English
منشور في:
Oxford :
Archaeopress Publishing Ltd,
[2015]
سلاسل:
Archaeopress archaeology.
الموضوعات:
الوصول للمادة أونلاين: Login to view Source
الوسوم: إضافة وسم
رقم الطلب: GN776.22.G7 H63 2015
| LEADER | 02441nam a2200409 i 4500 | ||
|---|---|---|---|
| 001 | EDZ0001353160 | ||
| 003 | StDuBDS | ||
| 005 | 20230412181556.0 | ||
| 006 | m|||||o||d|||||||| | ||
| 007 | cr ||||||||||| | ||
| 008 | 160314t20152015enka fob 000|0|eng|d | ||
| 020 | |a 9781784911508 (PDF ebook) : |c £48.00 | ||
| 040 | |a StDuBDS |b eng |c StDuBDS |e rda |e pn | ||
| 050 | 0 | |a GN776.22.G7 |b H63 2015 | |
| 082 | 0 | 4 | |a 936.2956 |2 23 |
| 100 | 1 | |a Hodges, Christopher George Leslie, |e author. | |
| 245 | 1 | 0 | |a Derelict stone buildings of the Black Mountains Massif / |c Christopher George Leslie Hodges. |
| 264 | 1 | |a Oxford : |b Archaeopress Publishing Ltd, |c [2015] | |
| 264 | 4 | |c ©2015 | |
| 300 | |a 1 online resource : |b illustrations (black and white). | ||
| 336 | |a text |2 rdacontent | ||
| 336 | |a still image |2 rdacontent | ||
| 337 | |a computer |2 rdamedia | ||
| 338 | |a online resource |2 rdacarrier | ||
| 490 | 1 | |a Archaeopress archaeology | |
| 504 | |a Includes bibliographical references. | ||
| 520 | 8 | |a This volume is based on several years of author's fieldwork in the valleys of the Black Mountains in South East Wales. Hodges had personal knowledge of the area having worked there in his professional capacity as a drystone waller. The aim of the fieldwork was to locate all the sites of derelict stone buildings within the designated upland study area of approximately 140 square kilometres. Initial research indicated that the area had not been previously surveyed to any great extent and the presence of derelict stone buildings that existed in the valleys was not a characteristic of the surrounding lower terrain. Using a combination of documentary evidence and fieldwork, a total of 549 potential sites were identified comprising houses, barns, other ancillary buildings and sheepfolds; 499 separate structures were located on the ground. | |
| 521 | |a Specialized. | ||
| 588 | |a Description based on online resource; title from home page (viewed on March 15, 2016). viewed. | ||
| 651 | 0 | |a Brecknock (Wales : District) |x Antiquities. | |
| 650 | 0 | |a Abandoned buildings |z Wales |z Brecknock (District) | |
| 776 | 0 | 8 | |i Print version : |z 9781784911492 |
| 830 | 0 | |a Archaeopress archaeology. | |
| 856 | 4 | 0 | |3 Archaeopress |u http://library.arce.org:8087/Archaeopress/Products/9781784911492 |
| 942 | |2 lcc |c EBOOK | ||
| 952 | |0 0 |1 0 |4 0 |6 GN077622 G7 |7 1 |9 46071 |a ARCH |b ARCH |d 2023-04-12 |l 0 |o GN776.22.G7 |r 2023-04-12 00:00:00 |w 2023-04-12 |y EBOOK | ||
| 999 | |c 51729 |d 51729 | ||
